00310nam a22000977a 4500008004100000020001500041082001600056245008400072260004600156300001000202230605b xxu||||| |||| 00| 0 eng d a9749164946 a337.1bAPEC aAsia- Pacific Economic Cooperation Thailand 2003cMinistry Of Foreign Affairs,  aAsiabMinistry Of Foreign Affairs, c2003 a102 p